| Поле | Инд. | ПП | Название | Значение |
|---|---|---|---|---|
| Тип записи | a | |||
| Библиографический уровень | m | |||
| 001 | Контрольный номер | 08c86879-f5c0-4bb2-83fc-db8d8d1b503f | ||
| 005 | Дата корректировки | 20140703171647.4 | ||
| 008 | Кодируемые данные | 081203 | ||
| 020 | a | ISBN | 978-5-7695-4559-7 | |
| c | Цена, тираж | 250.00 | ||
| 040 | a | Служба первич. каталог. | НБ ТвГУ | |
| 041 | a | Код языка текста | rus | |
| 080 | a | Индекс УДК | 612.8(075.8) | |
| 084 | a | Индекс другой классификации/Индекс ББК | Е991.7я73-1 | |
| 090 | a | Полочн. индекс | Е991.7 | |
| x | Авторский знак | Ф50 | ||
| 245 | 10 | a | Заглавие | Физиология центральной нервной системы |
| b | Продолж. заглавия | учебное пособие для студентов медицинских вузов | ||
| c | Ответственность | В. М. Смирнов, Д. С. Свешников, В. Н. Яковлев, В. А. Правдивцев | ||
| 250 | a | Основные сведения об издании | 5-е изд., испр. | |
| 260 | 0_ | a | Место издания | Москва |
| b | Издательство | Academia | ||
| c | Дата издания | 2007 | ||
| 300 | a | Объем | 367, [1] с. | |
| b | Иллюстрации/ тип воспроизводства | ил., табл. | ||
| 440 | a | Серия | Высшее профессиональное образование | |
| a | Серия | Медицина | ||
| 504 | a | Библиография | Библиогр.: с. 363. | |
| 583 | a | Действие | Получение впервые 299 02.12.2008 | |
| k | Исполнитель действия | Взамен утраченных | ||
| 650 | a | Основная рубрика | Центральная нервная система | |
| x | Основная подрубрика | Учебники для вузов | ||
| x | Основная подрубрика | Физиология | ||
| 650 | a | Основная рубрика | Нервная система | |
| 653 | a | Ключевые слова | Нервная система | |
| a | Ключевые слова | Физиология центральной нервной системы | ||
| a | Ключевые слова | Центральная нервная система | ||
| 700 | 1_ | a | Другие авторы | Смирнов Виктор Михайлович |
| e | Роль лиц | авт. | ||
| 700 | 1_ | a | Другие авторы | Свешников Дмитрий Сергеевич |
| e | Роль лиц | авт. | ||
| 700 | 1_ | a | Другие авторы | Яковлев Виктор Николаевич |
| e | Роль лиц | авт. | ||
| 700 | 1_ | a | Другие авторы | Правдивцев Виталий Андреевич |
| e | Роль лиц | авт. | ||
| 852 | t | Порядковый номер экземпляра | 1 | |
| p | Инвентарный номер | 923422 | ||
| 863 | t | 00187752 | ||
| 888 | a | Бесплатные | ||
| 930 | a | Новая/Ретро | учебники | |
| 952 | p | 299.2008 250.00 1 923422 | ||
| c | Вид литературы | К ру | ||
| 954 | a | Дата поступления на обработку | 20081208 | |
| 999 | a | Подразделение 2 | фил2 |